000
00400 a2200133 4500
000
nam a22 7a 4500
100
_a
सीमा चौहान
110
_a
सीमा चौहान
245
_a
दर्शनिकपृष्ठभूमि में योग का स्वरूप
250
_a
latest edition
260
_b
indu
_c
2022
264
_b
indu
_c
2022
942
_c
BK
999
_c
396144
_d
396144